| 000 | 01325cad a22002295a 4500 | ||
|---|---|---|---|
| 001 | E149184 | ||
| 008 | 100126s2009 xxk f s000 0 eng d | ||
| 020 | _a9780755992195 | ||
| 035 | _a(Sirsi) u149184 | ||
| 041 | 0 | _aeng | |
| 110 | 2 |
_aODS Consulting _95823 |
|
| 245 | 0 | 0 |
_aInterim review of the Home Owners Support Fund _h[electronic resource] |
| 260 |
_aEdinburgh _bScottish Government _c2009 |
||
| 505 | 2 | _aIntroduction -- The Home Owners' Support Fund -- Key themes arising from consultations -- Key findings and recommendations | |
| 520 | _aIn March 2009 the Scottish Government launched the Home Owners Support Fund made up of a revised Mortgage to Rent scheme and a Mortgage to Shared Equity scheme. This review looks at the operation of the scheme from March 2009 to August 2009 to identify possible areas of improvement. Potential improvements identified by the research include the advice available to applicants, information on participating landlords, subsidies available and administrative improvements. | ||
| 521 | _aAdvance | ||
| 590 | _aKA | ||
| 651 | 4 |
_aScotland _y1999- |
|
| 690 | _aPROPERTY-RESIDENTIAL PROPERTY-DOMESTIC RESIDENTIAL PROPERTY-HOUSING | ||
| 856 | 4 | 0 |
_uhttps://www.scotland.gov.uk/Publications/2010/01/14125643/0 _zView the report free of charge at www.scotland.gov.uk... |
| 942 | _n0 | ||
| 999 |
_c110399 _d110399 |
||